| 000 | 00652nam a2200205Ia 4500 | ||
|---|---|---|---|
| 003 | GCL | ||
| 008 | 140319s9999 xx 000 0 ara d | ||
| 040 |
_aGCL / _cGCL |
||
| 082 | 0 | 4 |
_a621.384 _bس ص |
| 100 | 1 | _aسى. لابيز | |
| 245 | 1 | 0 |
_aصيانة الراديو الترانزيستور / _cسى. لابيز |
| 700 | 1 | _aاحمد كمال عواد | |
| 700 | 1 | _aصلاح عامر | |
| 260 |
_a[S.N] : _bفرنكلين للطباعة ، _c1990 |
||
| 300 | _a241 ص | ||
| 490 |
_aمجموعة الكتب الدراسية والمراجع الامريكية _v0 |
||
| 650 | 0 | 4 | _aالصيانة |
| 650 | 0 | 4 | _aالراديو |
| 942 |
_2ddc _cBK |
||
| 999 |
_c42963 _d42963 |
||